| 000 | 01109nam a2200265Ia 4500 | ||
|---|---|---|---|
| 003 | OSt | ||
| 005 | 20201207162601.0 | ||
| 008 | 191128s2013 ck fr 000 0 spa d | ||
| 020 | _a9789588726083 | ||
| 040 |
_aCO-JMCR _cCO-JMCR |
||
| 041 | 0 | _aspa | |
| 082 | 0 | 4 |
_a330.01 / _bS246m _223 |
| 100 | 1 |
_aSarmiento Palacio, Eduardo, _eautor _9945 |
|
| 245 | 1 | 3 |
_aEl modelo propio : _bteorías económicas e instrumentos / _cEduardo Sarmiento Palacio |
| 250 | _aSegunda edición | ||
| 260 |
_aBogotá : _bEscuela Colombiana de Ingeniería, _c2013 |
||
| 300 |
_axxii, 456 páginas : _bgráficos a blanco y negro ; _c23 cm. |
||
| 490 | 0 | _aColección de economía | |
| 504 | _aBibliografía: páginas 451-456 | ||
| 505 | 0 | _aLa ley de Say -- Demanda efectiva y mercado monetario -- Apertura e integración -- Industria y agricultura -- Hacia una nueva teoría del comercio internacional -- Replanteamiento del crecimiento económico | |
| 650 | 1 | 4 |
_aMacroeconomía _xCrecimiento económico _9946 |
| 650 | 2 | 4 |
_aEconomía _zColombia _9947 |
| 650 | 2 | 4 |
_aModelos económicos _xteoría económica _9948 |
| 942 |
_2ddc _cBK |
||
| 999 |
_c5642 _d5642 |
||